000 00778nam a2200277 i 4500
001 C2-0339295
003 PPAK
005 20180728141504.0
008 161207s2011 my a|||| ||||| | eng d
020 _a9789675604119
040 _aPPAK
_beng
_cPPAK
_erda
082 0 4 _a823
_223
090 0 0 _a823
_bFAD
_dK
100 0 _aFadlan,
_eauthor
245 1 2 _aA successful farmer
264 1 _aSubang Jaya, Selangor :
_bPustaka Suluh Bahasa ,
_c2011
300 _a14 pages :
_bcolour illustrations ;
_c21 cm
336 _2rdacontent
_atext
337 _2rdamedia
_aunmediated
338 _2rdacarrier
_avolume
490 1 _aGood guide series
500 _aIncludes moral values
650 1 0 _aChildren's stories, English.
830 0 _aGood guide series
942 _ddc
_cB
999 _c136571
_d136571